[Event "Izhevsk-ch"]
[Site "Izhevsk"]
[Date "2010.02.17"]
[Round "4"]
[White "Bazhenov, Viktor Mikhailovich"]
[Black "Akimenko, Vitaliy"]
[Result "0-1"]
[WhiteElo "1936"]
[BlackElo "2098"]
[PlyCount "58"]
[EventDate "2010.02.12"]
[EventType "swiss"]
[EventRounds "9"]
[EventCountry "RUS"]
[SourceTitle "EXT 2012"]
[Source "ChessBase"]
[SourceDate "2011.11.24"]
[SourceVersion "1"]
[SourceVersionDate "2011.11.24"]
[SourceQuality "1"]

1. e4 e5 2. Nf3 Nc6 3. d4 exd4 4. Nxd4 Bc5 5. c3 Nf6 6. Nxc6 bxc6 7. Bd3 0-0 8. 0-0 Re8 9. Nd2 d5 10. exd5 cxd5 11. Nb3 Bd6 12. Bg5 c5 13. Bb5 Re5 14. f4 Rxg5 15. fxg5 Ng4 16. Qf3 Be6 17. g3 Rb8 18. Be2 Qxg5 19. Rae1 h5 20. h4 Qe5 21. Qf4 Qe3+ 22. Qxe3 Nxe3 23. Rf3 Nf5 24. Kf2 c4 25. Nd4 Nxd4 26. cxd4 Rxb2 27. a3 Ra2 28. Rb1 Bxa3 29. Re3 Bb2 0-1

[Event "Izhevsk op"]
[Site "Izhevsk"]
[Date "2009.07.22"]
[Round "8"]
[White "Sazonov, Anatoliy"]
[Black "Akimenko, Vitaliy"]
[Result "0-1"]
[WhiteElo "1999"]
[BlackElo "2119"]
[PlyCount "108"]
[EventDate "2009.07.15"]
[EventType "swiss"]
[EventRounds "9"]
[EventCountry "RUS"]
[SourceTitle "EXT 2010"]
[Source "ChessBase"]
[SourceDate "2010.11.25"]
[SourceVersion "1"]
[SourceVersionDate "2010.11.25"]
[SourceQuality "1"]

1. d4 Nf6 2. Nc3 d5 3. Bg5 Bf5 4. e3 e6 5. Bd3 Bg6 6. Nf3 Be7 7. Ne5 Nbd7 8. Qe2 c5 9. Bxf6 Nxf6 10. Bxg6 hxg6 11. Qb5+ Nd7 12. dxc5 Bf6 13. Nd3 Qc7 14. Na4 Rc8 15. c3 Rh4 16. f4 g5 17. g3 Rh6 18. 0-0-0 gxf4 19. exf4 Kf8 20. g4 Rh3 21. Kb1 Kg8 22. Nf2 Re3 23. g5 Be7 24. Ng4 Re4 25. Rd4 Rxf4 26. Rxf4 Qxf4 27. Ka1 Rc7 28. Rg1 Bxg5 29. b3 f5 30. Nf2 Bf6 31. Nd3 Qxh2 32. Re1 a6 33. Qa5 Rc6 34. Nab2 Qd2 35. Rc1 Nxc5 36. Rd1 Qxc3 37. Qxc3 Bxc3 38. Kb1 Bxb2 39. Nxb2 Ne4 40. Re1 Kf7 41. Nd3 Rc3 42. Ne5+ Kf6 43. Nd7+ Ke7 44. Nb6 Rh3 45. Kc2 Rh2+ 46. Kd3 g5 47. a4 g4 48. a5 g3 49. Rg1 Rb2 50. b4 Rxb4 51. Rg2 f4 52. Rc2 Kf6 53. Nxd5+ exd5 54. Rb2 Nc5+ 0-1